| 000 -ლიდერი |
| ფიქსირებული სიგრძის საკონტროლო ველი |
01198nam a22002297a 4500 |
| 003 - საკონტროლო ნომრის იდენტიფიკატორი |
| საკონტროლო ველი |
Ge_BSU |
| 005 - ბოლო ოპერაციის თარიღი და დრო |
| საკონტროლო ველი |
20240624112906.0 |
| 008 - ფიქსირებული სიგრძის მონაცემთა ელემენტები - ზოგადი ინფორმაცია |
| ფიქსირებული სიგრძის საკონტროლო ველი |
240624s1938 ge ||||| |||| 00| 0 geo d |
| 041 ## - ენის კოდი |
| Language code of text/sound track or separate title |
geo |
| 080 ## - უნივერსალური ათობითი კლასიფიკაციის ინდექსი |
| Universal Decimal Classification number |
616-091(075.8) ჟ-99 |
| 100 ## - მთავარი ჩანაწერი - პიროვნების სახელი |
| Personal name |
ჟღენტი, ვლ. |
| 9 (RLIN) |
22357 |
| 245 ## - ცნობა სათაურის შესახებ |
| Title |
ზოგადი პათოლოგიური ანატომია / |
| Statement of responsibility, etc |
ვლ. ჟღენტი; რედ. ო. თოდაძე. |
| 250 ## - გამოცემის ცნობა |
| Edition statement |
მე-3 შევსებული, შესწორებული და ილუსტრირებული გამოცემა. |
| 264 ## - წარმოების, გამოცემის, დისტრიბუციის და სხვა ცნობები |
| გამოცემის, წარმოების, დისტრიბუციის... ადგილი |
თბილისი : |
| გამოცემის, წარმოების, დისტრიბუციის... სახელწოდება |
საქბიომედგამი, |
| გამოცემის, წარმოების, დისტრიბუციის... თარიღი |
1938. |
| 300 ## - ფიზიკური აღწერა |
| Extent |
736 გვ.; |
| Other physical details |
ილ. ; |
| Dimensions |
22 სმ. |
| 500 ## - ზოგადი შენიშვნა |
| General note |
თავფურცელის მეორე გვერდზე სათაური რუსულ ენაზე. |
| 501 ## - შენიშვნა თანმხლებ მასალაზე |
| With note |
დანართი: საძიებელი-index (გვ. 706-732). |
| 653 ## - INDEX TERM--UNCONTROLLED |
| Uncontrolled term |
პათოლოგიური ანატომია |
| 653 ## - INDEX TERM--UNCONTROLLED |
| Uncontrolled term |
მედიცინა |
| 700 ## - ADDED ENTRY--PERSONAL NAME |
| Personal name |
თოდაძე, შ. |
| Relator term |
რედაქტორი |
| 9 (RLIN) |
22544 |
| 942 ## - ADDED ENTRY ELEMENTS (KOHA) |
| Source of classification or shelving scheme |
|
| Koha item type |
წიგნი |